Vzbúrenec (Record no. 21104)
[ view plain ]
| 000 -LEADER | |
|---|---|
| fixed length control field | 01878cam a2200469 a 4500 |
| 001 - CONTROL NUMBER | |
| control field | 21104 |
| 003 - CONTROL NUMBER IDENTIFIER | |
| control field | VRT |
| 005 - DATE AND TIME OF LATEST TRANSACTION | |
| control field | 20260213140053.0 |
| 008 - FIXED-LENGTH DATA ELEMENTS--GENERAL INFORMATION | |
| fixed length control field | 230403s1955 xo g 000 f slo |
| 015 ## - NATIONAL BIBLIOGRAPHY NUMBER | |
| National bibliography number | SNBA19451955-013188 |
| 035 ## - SYSTEM CONTROL NUMBER | |
| System control number | SK01SNKBKSFS20020096422 |
| 035 ## - SYSTEM CONTROL NUMBER | |
| System control number | urn:nbn:sk:snk-am3hsm6 |
| 035 ## - SYSTEM CONTROL NUMBER | |
| System control number | 995EFEE3-D4DE-4977-A94E-32DE03EE2D41 |
| 035 ## - SYSTEM CONTROL NUMBER | |
| System control number | urn:nbn:sk:snk-am00d7u4 |
| 035 ## - SYSTEM CONTROL NUMBER | |
| System control number | SKM000098885 |
| 039 #9 - LEVEL OF BIBLIOGRAPHIC CONTROL AND CODING DETAIL [OBSOLETE] | |
| Level of rules in bibliographic description | 202304032104 |
| Level of effort used to assign nonsubject heading access points | VLOAD |
| Level of effort used to assign subject headings | 202212050959 |
| Level of effort used to assign classification | VLOAD |
| Level of effort used to assign subject headings | 202205120837 |
| Level of effort used to assign classification | VLOAD |
| Level of effort used to assign subject headings | 202111290945 |
| Level of effort used to assign classification | AUTHORITY |
| 040 ## - CATALOGING SOURCE | |
| Original cataloging agency | SNK |
| Language of cataloging | slo |
| Transcribing agency | SNK |
| Description conventions | AACR2 |
| 041 1# - LANGUAGE CODE | |
| Language code of text/sound track or separate title | slo |
| Language code of original | fre |
| 044 ## - COUNTRY OF PUBLISHING/PRODUCING ENTITY CODE | |
| MARC country code | xo |
| ISO country code | SK |
| 080 ## - UNIVERSAL DECIMAL CLASSIFICATION NUMBER | |
| Universal Decimal Classification number | 840-3 |
| Edition identifier | 1981 |
| 100 1# - MAIN ENTRY--PERSONAL NAME | |
| Personal name | Vallés, Jules |
| Relationship | aut |
| 240 12 - UNIFORM TITLE | |
| Uniform title | L'Enfant, Le Bachelier, L'Unsurgé |
| Language of a work | Slovensky |
| 245 10 - TITLE STATEMENT | |
| Title | Vzbúrenec |
| Statement of responsibility, etc. | Jules Vallés |
| Remainder of title | (z franc. orig. L'Enfant, Le Bachelier, L'Unsurgé) ; (časti: Dieťa a vzbúrenec prel. a poznámky sprac. Štefan Horváth. Časť Maturant prel. a poznámky sprac. Anton Vantuch) |
| 260 ## - PUBLICATION, DISTRIBUTION, ETC. | |
| Place of publication, distribution, etc. | Bratislava |
| Name of publisher, distributor, etc. | Slovenské vydavateľstvo krásnej literatúry |
| Date of publication, distribution, etc. | 1955 |
| Place of manufacture | Bratislava |
| Manufacturer | Knižné závody |
| 300 ## - PHYSICAL DESCRIPTION | |
| Extent | 914, [1] s. |
| Dimensions | 21 cm |
| 490 1# - SERIES STATEMENT | |
| Series statement | Edícia svetových klasikov |
| Volume/sequential designation | zv. 39 |
| 500 ## - GENERAL NOTE | |
| General note | Poznámky a vysvetlivky |
| 655 #7 - INDEX TERM--GENRE/FORM | |
| Genre/form data or focus term | francúzske romány |
| Source of term | SNKPH |
| 700 1# - ADDED ENTRY--PERSONAL NAME | |
| Personal name | Horváth, Štefan, |
| Dates associated with a name | 1920-1986 |
| Relationship | trl |
| -- | aui |
| 700 1# - ADDED ENTRY--PERSONAL NAME | |
| Personal name | Vantuch, Anton, |
| Dates associated with a name | 1921-2001 |
| Relationship | trl |
| -- | aui |
| 700 1# - ADDED ENTRY--PERSONAL NAME | |
| Personal name | Belnay, Ján, |
| Dates associated with a name | 1900-1991 |
| Relationship | red |
| 700 1# - ADDED ENTRY--PERSONAL NAME | |
| Personal name | Jesenská, Zora, |
| Dates associated with a name | 1909-1972 |
| Relationship | red |
| 700 1# - ADDED ENTRY--PERSONAL NAME | |
| Personal name | Ferenčík, Ján, |
| Dates associated with a name | 1923-1989 |
| Relationship | pbd |
| 700 1# - ADDED ENTRY--PERSONAL NAME | |
| Personal name | Bártová, Miroslava, |
| Dates associated with a name | 1917-2002 |
| Relationship | red |
| 830 #0 - SERIES ADDED ENTRY--UNIFORM TITLE | |
| Uniform title | Edícia svetových klasikov |
| 910 ## - USER-OPTION DATA (OCLC) | |
| User-option data | snk |
| 942 ## - ADDED ENTRY ELEMENTS (KOHA) | |
| Source of classification or shelving scheme | Dewey Decimal Classification |
| Koha item type | Krásna literatúra pre dospelých |
| Suppress in OPAC | No |
| 949 ## - LOCAL PROCESSING INFORMATION (OCLC) | |
| 6 | 3869A19301 |
| a | bpksh821.133.1-3 |
| b | bpksh58057 |
| 949 ## - LOCAL PROCESSING INFORMATION (OCLC) | |
| 6 | 17A1051302 |
| a | snkSC 5912 D1 |
| b | snk717/55 |
| 949 ## - LOCAL PROCESSING INFORMATION (OCLC) | |
| 6 | 17A0787239 |
| a | snkSC 5912 |
| b | snk717/55 |
| o | snkI. 5252/55 - 2. ev.č. |
| s | 6100:20190426 |
| Stav vyradenia | Strata | Poškodenie | Spôsob nadobudnutia | Domovská knižnica | Aktuálna knižnica | Dátum nadobudnutia | Total checkouts | Čiarový kód exemplára | Date last seen | Typ exemplára |
|---|---|---|---|---|---|---|---|---|---|---|
| Dar | Obecná knižnica Horná Štubňa | Obecná knižnica Horná Štubňa | 13.02.2026 | 4736201284 | 13.02.2026 | Krásna literatúra pre dospelých |
